| 000 | 00701nam a2200265Ia 4500 | ||
|---|---|---|---|
| 003 | OSt | ||
| 005 | 20221007112814.0 | ||
| 006 | a|||||r|||| 00| 0 | ||
| 007 | ta | ||
| 008 | 221006b |||||||| |||| 00| 0 eng d | ||
| 024 | _a29,414 | ||
| 037 | _cTextual | ||
| 040 |
_aLCO _cLCO _beng |
||
| 041 |
_2eng _aeng |
||
| 082 | _aZ2,2673, P9 | ||
| 100 |
_aStephan F. Jones _9708816 |
||
| 245 | 0 | _aCIPA Guide To The Patents Acts | |
| 250 | _a6th | ||
| 260 |
_aLondon _bSweet & Maxwell U.K _c2009 |
||
| 300 | _a1486 | ||
| 650 |
_aPATENTS _9705363 |
||
| 700 |
_a Paul G. Cole _9708817 |
||
| 942 |
_hZ2,2673, P9 _cTEXL |
||
| 999 |
_c1198977 _d1198977 |
||